| 000 | 02247cam a2200565 i 4500 | ||
|---|---|---|---|
| 001 | 24180 | ||
| 003 | KOSZ 005 | ||
| 005 | 20250825125321.0 | ||
| 008 | 250825s1996 pl a f 000 0 pol | ||
| 015 | _aUWD 1997/2445 | ||
| 020 | _a8390513412 | ||
| 035 | _a991004714789705066 | ||
| 035 | _a(PL-WaBN)b1124365x-48omnis_nlop | ||
| 035 | _ab1124365x | ||
| 035 | _a(OCoLC)750524289 | ||
| 035 | _a(PL)b0000001124365 | ||
| 035 | _a(EXLNZ-48OMNIS_NETWORK)9910390651805606 | ||
| 040 |
_aWA N _cWA N _dKOSz 005/HR _dKOSZ 005/RW |
||
| 046 | _k1996 | ||
| 080 | _a697 | ||
| 080 | _a621.77 | ||
| 080 | _a622.8 | ||
| 245 | 0 | 0 |
_aWarunki techniczne projektowania, wykonania, odbioru i eksploatacji sieci ciepłowniczych z rur i elementów preizolowanych / _c[zespół autorski Piotr Adamiec et al. ; redakcja merytoryczna Marian Rubik, Halina Potrzebowska] ; Centralny Ośrodek Badawczo-Rozwojowy Techniki Instalacyjnej "Instal". |
| 260 |
_aWarszawa : _bBranżowy Ośrodek Informacji Naukowej, Technicznej i Ekonomicznej "Instal", _c1996. |
||
| 300 |
_a138 stron : _bilustracje ; _c24 cm. |
||
| 336 |
_aTekst _btxt _2rdacontent |
||
| 337 |
_aBez urządzenia pośredniczącego _bn _2rdamedia |
||
| 338 |
_aWolumin _bnc _2rdacarrier |
||
| 380 | _aKsiążki | ||
| 380 | _aPublikacje fachowe | ||
| 388 | 1 | _a1901-2000 | |
| 388 | 1 | _a1989-2000 | |
| 504 | _aWykaz norm i dokumentów na stronach 19-20. | ||
| 650 | 7 |
_aObsługa i eksploatacja _2DBN |
|
| 650 | 7 |
_aProjektowanie _2DBN |
|
| 650 | 7 |
_aRury _2DBN |
|
| 650 | 7 |
_aSieć cieplna _2DBN |
|
| 650 | 7 |
_aSzkody górnicze _2DBN |
|
| 650 | 7 |
_aTechnologia _2DBN |
|
| 655 | 7 | _aOpracowanie | |
| 658 | _aArchitektura i budownictwo | ||
| 658 | _aInżynieria i technika | ||
| 700 | 1 |
_aAdamiec, Piotr _eAutor |
|
| 700 | 1 |
_aPotrzebowska, Halina _eRedakcja |
|
| 700 | 1 |
_aRubik, Marian _eRedakcja |
|
| 710 | 2 |
_aBranżowy Ośrodek Informacji Naukowej, Technicznej i Ekonomicznej (Centralny Ośrodek Badawczo-Rozwojowy Techniki Instalacyjnej "Instal") _4pbl |
|
| 856 |
_uhttp://koha.tu.koszalin.pl/cgi-bin/koha/opac-detail.pl?biblionumber=24180 _yKatalog online BPK |
||
| 942 |
_2UKD _cKS |
||
| 999 |
_c24180 _d24180 |
||